Salvador Dalí.
Fragmentos de reportajes al pintor. Aspectos importantes de su vida: sus comienzos impresionistas.
Guardado en:
| Formato: | |
|---|---|
| Materias: | |
| Etiquetas: |
Agregar Etiqueta
Sin Etiquetas, Sea el primero en etiquetar este registro!
|
| LEADER | 00736ngm a22002175g 4500 | ||
|---|---|---|---|
| 001 | CEM.cems022406 | ||
| 008 | 130507b1999##################0###0#####d | ||
| 005 | 20241031194739.0 | ||
| 245 | 0 | 0 | |a Salvador Dalí. |
| 300 | |a 64'. | ||
| 500 | |a En soporte VHS, consultar en ventanilla. | ||
| 520 | |a Fragmentos de reportajes al pintor. Aspectos importantes de su vida: sus comienzos impresionistas. | ||
| 538 | |a Soporte: VHS - Norma: Pal N - Color: Si - Grabación DRD 1999 - Hitachi=0000 | ||
| 082 | 9 | 3 | |/ PIN-2 |
| 653 | |a ARTE | ||
| 653 | |a PINTURA | ||
| 653 | |a SURREALISMO | ||
| 653 | |a DALI, SALVADOR | ||
| 653 | |a NIVEL PRIMARIO | ||
| 653 | |a NIVEL SECUNDARIO | ||
| 859 | |a CEMS |b BIB. CEMS - Depto. Recursos Didacticos |h 932 |i PIN-2 |k DRD |p 1049.12 |t Ej.1 | ||
